[Event "3. Wittelsbacher Weihnachts-Schach-Open"]
[Site "Kelheim"]
[Date "2014.12.28"]
[Round "3.39"]
[White "Brunner, Tobias"]
[Black "Simon, Jonathan"]
[Result "0-1"]
[WhiteElo "1539"]
[BlackElo "1941"]
[PlyCount "56"]
[EventDate "2014.??.??"]
[WhiteTeam "TSV Nittenau"]
[BlackTeam "SK M?mbris"]

1. e4 c5 2. Bc4 e6 3. Nc3 Nc6 4. Nf3 a6 5. a4 Nge7 6. d4 cxd4 7. Nxd4 Nxd4 8.
Qxd4 Nc6 9. Qd1 Bc5 10. O-O O-O 11. Kh1 b6 12. f4 Bb7 13. Rf3 Nd4 14. Rh3 Qf6
15. Bd3 g6 16. Ne2 Nxe2 17. Qxe2 Qd4 18. Re3 d5 19. c3 Qf6 20. Rg3 dxe4 21.
Bxe4 Bxe4 22. Qxe4 Rad8 23. Be3 Bxe3 24. Qxe3 Rd6 25. h3 Qd8 26. Ra3 Rd1+ 27.
Kh2 Rb1 28. Rb3 Qd1 0-1

[Event "3. Wittelsbacher Weihnachts-Schach-Open"]
[Site "Kelheim"]
[Date "2014.12.28"]
[Round "3.40"]
[White "Altmann, Jens"]
[Black "Kirsch, Reimund"]
[Result "1-0"]
[WhiteElo "2004"]
[BlackElo "1792"]
[PlyCount "45"]
[EventDate "2014.??.??"]
[WhiteTeam "SF Leipzig-S?dost"]
[BlackTeam "SC Beilngries"]

1. e4 c5 2. Nc3 Nc6 3. f4 e6 4. Nf3 g6 5. Bb5 Nge7 6. O-O Bg7 7. Bxc6 Nxc6 8.
d3 d6 9. Kh1 O-O 10. Bd2 Bd7 11. Qe1 Nb4 12. Rc1 a6 13. Qg3 Nc6 14. f5 Qe7 15.
Bf4 e5 16. Bd2 Be8 17. Nd5 Qd8 18. c3 b5 19. Ng5 h6 20. f6 Bh8 21. Nh3 Kh7 22.
Qh4 h5 23. Qg5 1-0

[Event "3. Wittelsbacher Weihnachts-Schach-Open"]
[Site "Kelheim"]
[Date "2014.12.28"]
[Round "3.41"]
[White "Tautz, Helmut"]
[Black "Doleschal, Johannes"]
[Result "0-1"]
[WhiteElo "1539"]
[BlackElo "2019"]
[PlyCount "64"]
[EventDate "2014.??.??"]
[WhiteTeam "SK Kelheim"]
[BlackTeam "TSV Kirchenlaibach"]

1. e4 e5 2. Nf3 Nc6 3. Bc4 Bc5 4. d4 Bxd4 5. Nxd4 Nxd4 6. c3 Nc6 7. O-O Nf6 8.
f4 O-O 9. Qf3 d6 10. fxe5 Nxe5 11. Qg3 Nxc4 12. Bg5 Nxe4 13. Qf4 Nxg5 14. Qxc4
d5 15. Qd4 Ne4 16. Na3 Qg5 17. Qd3 Be6 18. Nb5 c5 19. Nc7 Rad8 20. Rae1 Qe5 21.
Nxe6 fxe6 22. Rf3 Qd6 23. Rxf8+ Qxf8 24. Rf1 Qe7 25. Qh3 e5 26. Qh5 Nf6 27. Qg5
e4 28. Rf5 Re8 29. h4 e3 30. Kf1 e2+ 31. Ke1 d4 32. h5 Qe4 0-1

[Event "3. Wittelsbacher Weihnachts-Schach-Open"]
[Site "Kelheim"]
[Date "2014.12.28"]
[Round "3.42"]
[White "Häusler, Florian"]
[Black "Link, Klaus"]
[Result "0-1"]
[WhiteElo "1532"]
[BlackElo "1927"]
[PlyCount "96"]
[EventDate "2014.??.??"]
[WhiteTeam "TSV Kareth-Lappersdorf"]
[BlackTeam "SK Klingenberg"]

1. e4 c5 2. Nc3 Nc6 3. g3 g6 4. Bg2 Bg7 5. d3 e6 6. f4 Nge7 7. Nf3 O-O 8. O-O
Nd4 9. Be3 Nec6 10. Rb1 d6 11. Ne2 Nxf3+ 12. Bxf3 Qc7 13. c3 b6 14. Qd2 Bb7 15.
Bg2 Rad8 16. f5 exf5 17. exf5 Ne5 18. Nf4 Bxg2 19. Nxg2 Ng4 20. Bf4 Qd7 21. h3
Ne5 22. Bh6 f6 23. Bxg7 Kxg7 24. Nf4 Qxf5 25. g4 Qd7 26. Nd5 Rde8 27. Rf4 Qc6
28. c4 Re6 29. Rbf1 Nd7 30. d4 b5 31. b3 bxc4 32. bxc4 cxd4 33. Qxd4 Qc5 34.
Qxc5 dxc5 35. Nc7 Rc6 36. Nd5 Nb6 37. Ne7 Rd6 38. Rb1 Rf7 39. Re4 Kf8 40. Nd5
Nxd5 41. Rb8+ Kg7 42. cxd5 Rxd5 43. Rc8 Rd1+ 44. Kf2 f5 45. gxf5 Rxf5+ 46. Ke2
Rd7 47. Rc4 Re7+ 48. Kd3 Rf3+ 0-1

[Event "3. Wittelsbacher Weihnachts-Schach-Open"]
[Site "Kelheim"]
[Date "2014.12.28"]
[Round "3.43"]
[White "Voith, Walter"]
[Black "Bodenschatz, Josef"]
[Result "0-1"]
[WhiteElo "1650"]
[BlackElo "1999"]
[PlyCount "102"]
[EventDate "2014.??.??"]
[WhiteTeam "TSV Oberviechtach"]
[BlackTeam "TSV Kirchenlaibach"]

1. e4 c6 2. d3 d5 3. Nd2 dxe4 4. dxe4 Nf6 5. Ngf3 Bg4 6. Be2 e6 7. O-O Bc5 8.
c3 O-O 9. Qc2 Nbd7 10. h3 Bh5 11. Nb3 Bg6 12. Bd3 Bb6 13. Bg5 h6 14. Bh4 Qb8
15. Rad1 Bc7 16. Rfe1 Bh7 17. e5 Bxd3 18. Rxd3 Nxe5 19. Nxe5 Bxe5 20. Qe2 Bd6
21. Bxf6 gxf6 22. Qh5 Kh7 23. Red1 Bh2+ 24. Kh1 Qe5 25. Qf3 Bf4 26. g3 Bg5 27.
Rd7 f5 28. Rxb7 Kg6 29. Nd4 c5 30. Ne2 Rfd8 31. Rdd7 Rxd7 32. Rxd7 Qe4 33. Kg2
Bd8 34. c4 Bb6 35. Nc3 Qxf3+ 36. Kxf3 Rd8 37. Rxd8 Bxd8 38. Ke3 h5 39. f4 h4
40. g4 fxg4 41. hxg4 Bf6 42. Nd5 Bd4+ 43. Kf3 f5 44. gxf5+ Kxf5 45. Ne3+ Bxe3
46. Kxe3 a5 47. b3 Kg4 48. a3 h3 49. Kf2 Kxf4 50. b4 cxb4 51. axb4 axb4 0-1

[Event "3. Wittelsbacher Weihnachts-Schach-Open"]
[Site "Kelheim"]
[Date "2014.12.28"]
[Round "3.44"]
[White "Schmitz, Bj?rn"]
[Black "Simon, Manuel"]
[Result "1-0"]
[WhiteElo "1851"]
[BlackElo "1609"]
[PlyCount "93"]
[EventDate "2014.??.??"]
[WhiteTeam "SV Saal/Donau"]
[BlackTeam "SK M?mbris"]

1. d4 Nf6 2. c4 g6 3. Nf3 Bg7 4. Nc3 O-O 5. e4 d6 6. Be2 e5 7. O-O Nc6 8. d5
Ne7 9. Ne1 Nd7 10. Be3 f5 11. f3 f4 12. Bf2 g5 13. Nd3 Ng6 14. c5 Rf7 15. c6
bxc6 16. dxc6 Nf6 17. Nb4 Nh4 18. Bxh4 gxh4 19. Bc4 h3 20. Bxf7+ Kxf7 21. Ncd5
hxg2 22. Rf2 Nh5 23. Rc1 Bh3 24. Na6 Rc8 25. Qe2 Bh6 26. Qc4 Kg7 27. Rcc2 Bg5
28. Rxg2 Bxg2 29. Rxg2 Kh6 30. Qb3 Ng7 31. Qb7 Ne6 32. b4 Bh4 33. Rg4 Kh5 34.
a4 Bg5 35. a5 Nd4 36. Kg2 Nc2 37. Qxa7 Ne3+ 38. Nxe3 fxe3 39. Qb7 Kh6 40. Qb5
Qg8 41. Qd5 Qf8 42. Nxc7 Qe7 43. Nb5 Qf6 44. Nc3 Rf8 45. Qd1 Kh5 46. Nd5 Qf7
47. c7 1-0

[Event "3. Wittelsbacher Weihnachts-Schach-Open"]
[Site "Kelheim"]
[Date "2014.12.28"]
[Round "3.45"]
[White "Schulz, Angelika"]
[Black "Bumes, Konrad"]
[Result "0-1"]
[WhiteElo "1503"]
[BlackElo "1848"]
[PlyCount "46"]
[EventDate "2014.??.??"]
[WhiteTeam "SV Erkenschwick"]
[BlackTeam "SC Haar"]

1. Nf3 d5 2. c4 c6 3. d4 Nf6 4. Nc3 dxc4 5. e4 b5 6. e5 Nd5 7. Ne4 e6 8. Bg5 f6
9. Bh4 Bb4+ 10. Nfd2 O-O 11. a3 Be7 12. exf6 Nxf6 13. Nxf6+ Bxf6 14. Bxf6 Qxf6
15. Nf3 Nd7 16. Qc2 e5 17. O-O-O Qf4+ 18. Rd2 Nf6 19. Bxc4+ bxc4 20. Qxc4+ Kh8
21. Qxc6 Bd7 22. Qb7 Rfb8 23. Qa6 Ne4 0-1

[Event "3. Wittelsbacher Weihnachts-Schach-Open"]
[Site "Kelheim"]
[Date "2014.12.28"]
[Round "3.46"]
[White "Glück, Ulrich"]
[Black "Lutter, Maximilian"]
[Result "0-1"]
[WhiteElo "1713"]
[BlackElo "1764"]
[PlyCount "64"]
[EventDate "2014.??.??"]
[WhiteTeam "MSA Zugzwang"]
[BlackTeam "SK Neumarkt"]

1. d4 Nf6 2. c4 c5 3. d5 b5 4. cxb5 a6 5. Nc3 axb5 6. Nxb5 Ba6 7. e3 Bxb5 8.
Bxb5 Qa5+ 9. Qd2 Qxb5 10. Ne2 g6 11. O-O Bg7 12. Nc3 Qb6 13. a4 O-O 14. Qc2 d6
15. e4 Nbd7 16. f4 c4+ 17. Kh1 Nc5 18. Be3 Qb3 19. Qb1 Nd3 20. Ra2 Rfb8 21. a5
Ng4 22. Bg1 Bxc3 23. a6 Bb4 24. h3 Nf6 25. e5 Ne4 26. Rd1 Bc5 27. a7 Ndf2+ 28.
Bxf2 Nxf2+ 29. Kh2 Rxa7 30. Rxa7 Bxa7 31. exd6 Ng4+ 32. hxg4 Bf2 0-1

[Event "3. Wittelsbacher Weihnachts-Schach-Open"]
[Site "Kelheim"]
[Date "2014.12.28"]
[Round "3.47"]
[White "Guckes, Fabian"]
[Black "Wei?, Thomas"]
[Result "0-1"]
[WhiteElo "1524"]
[BlackElo "1763"]
[PlyCount "100"]
[EventDate "2014.??.??"]
[WhiteTeam "SV Worms"]
[BlackTeam "SV Deggendorf"]

1. e4 d5 2. exd5 Qxd5 3. Nc3 Qd6 4. Nf3 Nf6 5. Bc4 a6 6. a4 Bg4 7. h3 Bh5 8. d3
Nc6 9. Qe2 Nd4 10. Qd1 Nxf3+ 11. gxf3 Qc6 12. b4 Qxf3 13. Qxf3 Bxf3 14. Rg1 e6
15. Ba3 c6 16. a5 g6 17. Rg3 Bh5 18. Rb1 Bd6 19. Rg1 Bf3 20. Ne4 Nxe4 21. dxe4
Bxe4 22. Kd2 Bf4+ 23. Kc3 O-O-O 24. Bc1 Be5+ 25. Kb3 Bf5 26. h4 Rd4 27. Bb2
Bxc2+ 28. Kxc2 Rxc4+ 29. Kd3 Rxb4 30. Bxe5 Rd8+ 31. Ke3 Rxh4 32. Bf6 Rh3+ 33.
Rg3 Rxg3+ 34. fxg3 Rd5 35. Bc3 f5 36. Rb2 Kc7 37. Bb4 e5 38. Rd2 Kd7 39. Rxd5+
cxd5 40. Bc5 Kc6 41. Bb6 d4+ 42. Kd3 Kd5 43. Bc7 g5 44. Bd8 h6 45. Bf6 f4 46.
g4 f3 47. Bg7 e4+ 48. Kd2 e3+ 49. Kd3 f2 50. Ke2 d3+ 0-1

[Event "3. Wittelsbacher Weihnachts-Schach-Open"]
[Site "Kelheim"]
[Date "2014.12.28"]
[Round "3.48"]
[White "Hinterreiter, Lorenz"]
[Black "Fritsch, Julian"]
[Result "1/2-1/2"]
[WhiteElo "1816"]
[BlackElo "1346"]
[PlyCount "62"]
[EventDate "2014.??.??"]
[WhiteTeam "SK Abensberg"]
[BlackTeam "SK Kelheim"]

1. e4 d6 2. d4 g6 3. Nf3 Bg7 4. Bc4 Nf6 5. Qe2 O-O 6. O-O d5 7. exd5 Nxd5 8. c3
e6 9. Bg5 Nf6 10. Nbd2 Nc6 11. Ne4 h6 12. Bh4 g5 13. Bg3 Nxe4 14. Qxe4 Na5 15.
Qe2 Nxc4 16. Qxc4 c6 17. Rfe1 Qd5 18. Qe2 b6 19. Be5 f6 20. Bg3 c5 21. dxc5
Qxc5 22. Rad1 e5 23. h3 Be6 24. a3 Rad8 25. Nd2 Rd7 26. Kh2 Rfd8 27. f3 Bf5 28.
Ne4 Qc6 29. Rd2 Rxd2 30. Nxd2 Qd5 31. Ne4 Qd3 1/2-1/2

[Event "3. Wittelsbacher Weihnachts-Schach-Open"]
[Site "Kelheim"]
[Date "2014.12.28"]
[Round "3.49"]
[White "Heiler, Karl"]
[Black "Rangs, Uwe"]
[Result "1-0"]
[WhiteElo "1876"]
[BlackElo "1429"]
[PlyCount "32"]
[EventDate "2014.??.??"]
[WhiteTeam "TG Biberach"]
[BlackTeam "SC Tarrasch M?nchen"]

1. e4 c6 2. d4 d5 3. f3 dxe4 4. fxe4 Nf6 5. Nc3 Bg4 6. Be2 Bxe2 7. Ngxe2 e5 8.
O-O exd4 9. Nxd4 Bc5 10. Be3 Qe7 11. Qf3 Bxd4 12. Bxd4 Nbd7 13. e5 Qb4 14. Rad1
c5 15. exf6 cxd4 16. fxg7 Rg8 1-0

[Event "3. Wittelsbacher Weihnachts-Schach-Open"]
[Site "Kelheim"]
[Date "2014.12.28"]
[Round "3.50"]
[White "Klarl, Wolfgang"]
[Black "B?se, Christina"]
[Result "1-0"]
[WhiteElo "1985"]
[BlackElo "1414"]
[PlyCount "103"]
[EventDate "2014.??.??"]
[BlackTeam "SC Bechhofen"]

1. b3 d5 2. Bb2 e6 3. e3 Nf6 4. f4 b6 5. Nf3 Bb7 6. Be2 Bd6 7. O-O O-O 8. Ne5
c5 9. d3 Nc6 10. Nd2 d4 11. Nxc6 Bxc6 12. e4 e5 13. f5 b5 14. g4 h6 15. Qe1 Nh7
16. Nf3 Ng5 17. Qg3 Nxf3+ 18. Rxf3 f6 19. h4 a5 20. Bc1 Kf7 21. g5 Rg8 22. Rf1
Be8 23. Kf2 hxg5 24. hxg5 Be7 25. g6+ Kf8 26. Rh1 Bc6 27. Bd2 b4 28. a3 Qc8 29.
Rh7 Ke8 30. Qh2 Kd7 31. Qg1 Kd6 32. Qc1 Bb5 33. Qb2 Bd8 34. Qa2 Bc6 35. Rah1
Be7 36. Qa1 Qf8 37. Qc1 Qd8 38. Qe1 bxa3 39. Qa1 a4 40. Qxa3 Kc7 41. bxa4 Bxa4
42. Qc1 Kd6 43. c3 Kc6 44. c4 Kd6 45. Bd1 Bc6 46. Bb3 Qb8 47. Qc2 Ra3 48. Rb1
Qa8 49. Qd1 Rxb3 50. Qxb3 Rb8 51. Qxb8+ Qxb8 52. Rxb8 1-0

[Event "3. Wittelsbacher Weihnachts-Schach-Open"]
[Site "Kelheim"]
[Date "2014.12.28"]
[Round "3.51"]
[White "Voigt, Tobias"]
[Black "Bergmayr Karl"]
[Result "0-1"]
[WhiteElo "1582"]
[BlackElo "1874"]
[PlyCount "104"]
[EventDate "2014.??.??"]
[WhiteTeam "SK M?nchen S?dost"]
[BlackTeam "ASK St. Valentin"]

1. d4 Nf6 2. Bf4 d6 3. Nf3 g6 4. e3 Bg7 5. h3 b6 6. Nbd2 Bb7 7. Bd3 Nbd7 8. c3
O-O 9. O-O Nh5 10. Bh2 c5 11. Qc2 cxd4 12. exd4 Rc8 13. Rfe1 Re8 14. Be4 d5 15.
Bd3 Nhf6 16. Re2 Nf8 17. Rae1 Ne6 18. Bb5 Rf8 19. Qa4 a6 20. Bxa6 Bxa6 21. Qxa6
Ra8 22. Qb5 Rxa2 23. Ne5 Qa8 24. Nc6 Re8 25. Nb3 Qa6 26. Qxa6 Rxa6 27. Nb4 Ra7
28. Be5 Rd7 29. Ra1 Ne4 30. Bxg7 Kxg7 31. Ra6 Rb8 32. f3 Nf6 33. Re5 Rbb7 34.
g4 Nc7 35. Nc6 Nxa6 36. Kg2 e6 37. Re2 Ne8 38. Kg3 Nd6 39. Re1 Nc4 40. Re2 Rbc7
41. Ne5 Nxe5 42. Rxe5 Nb8 43. Nd2 Nc6 44. Re3 Ra7 45. Re2 Ra2 46. Nb3 Rda7 47.
Nc1 R2a6 48. Nb3 Na5 49. Nc1 Nc4 50. Kf2 Ra1 51. Rc2 Rb1 52. Nd3 Ra2 0-1

[Event "3. Wittelsbacher Weihnachts-Schach-Open"]
[Site "Kelheim"]
[Date "2014.12.28"]
[Round "3.52"]
[White "Kutschera, Reinhardt"]
[Black "Pfenning, Uwe"]
[Result "0-1"]
[WhiteElo "1403"]
[BlackElo "1804"]
[PlyCount "80"]
[EventDate "2014.??.??"]
[WhiteTeam "DJK-Regensburg Nord"]
[BlackTeam "SG Ludwigsburg"]

1. c4 e5 2. a3 Nf6 3. Nc3 c6 4. g3 d6 5. Bg2 Be6 6. d3 g6 7. Qb3 Qc8 8. Bg5 Bg7
9. Bxf6 Bxf6 10. Nf3 Nd7 11. Ne4 Be7 12. Nfg5 Nb6 13. a4 f5 14. a5 fxe4 15.
Nxe6 Qxe6 16. axb6 a6 17. Bxe4 O-O 18. h4 Rad8 19. Ra5 Qf7 20. f3 Rd7 21. Qa4
Rfd8 22. d4 exd4 23. b3 Bf6 24. g4 Be5 25. h5 Qf4 26. Kd1 g5 27. Bxc6 bxc6 28.
Qxc6 Qe3 29. Rxe5 Qxe5 30. b4 d3 31. Re1 Re7 32. Qa4 dxe2+ 33. Kd2 Qd4+ 34. Kc2
Qxc4+ 35. Kb2 Re3 36. b7 Qc3+ 37. Ka2 Qd2+ 38. Kb1 Qxe1+ 39. Ka2 Qd2+ 40. Kb1
e1=Q+ 0-1

[Event "3. Wittelsbacher Weihnachts-Schach-Open"]
[Site "Kelheim"]
[Date "2014.12.28"]
[Round "3.53"]
[White "Haxhija, Florim"]
[Black "Grasser, Martin"]
[Result "0-1"]
[WhiteElo "911"]
[BlackElo "1895"]
[PlyCount "46"]
[EventDate "2014.??.??"]
[WhiteTeam "SK Kelheim"]
[BlackTeam "Regensb. Turnerschaft"]

1. e4 c5 2. Nf3 d6 3. Bc4 Nf6 4. Nc3 Nc6 5. d3 Bg4 6. h3 Bh5 7. g4 Bg6 8. Be3
e6 9. Bg5 h6 10. Bh4 Be7 11. Bxf6 Bxf6 12. Qd2 a6 13. a3 O-O 14. Rb1 Re8 15.
O-O b5 16. Ba2 Rc8 17. b4 cxb4 18. axb4 Nxb4 19. e5 Nxa2 20. Nxa2 Bxe5 21. Ne1
Qb6 22. Rb3 Bd4 23. Ra3 b4 0-1

[Event "3. Wittelsbacher Weihnachts-Schach-Open"]
[Site "Kelheim"]
[Date "2014.12.28"]
[Round "3.54"]
[White "Schilay, Lorenz"]
[Black "Karl, Thomas"]
[Result "1-0"]
[WhiteElo "1719"]
[BlackElo "1390"]
[PlyCount "72"]
[EventDate "2014.??.??"]
[WhiteTeam "SK Neumarkt"]
[BlackTeam "SK Kelheim"]

1. e4 d5 2. exd5 Nf6 3. c4 e6 4. dxe6 Bxe6 5. d4 c6 6. Nf3 Bb4+ 7. Nc3 O-O 8.
Be2 Re8 9. O-O Nbd7 10. a3 Ba5 11. b4 Bc7 12. a4 a6 13. a5 Qe7 14. Ba3 Bd6 15.
Qd3 h6 16. h3 Rad8 17. Rfe1 b5 18. axb6 Nxb6 19. c5 Bxc5 20. bxc5 Nbd5 21. Nxd5
Nxd5 22. Qxa6 Qc7 23. Qd3 Nf4 24. Qc2 Nxe2+ 25. Rxe2 Bd5 26. Rxe8+ Rxe8 27. Re1
Rxe1+ 28. Nxe1 Qf4 29. Qd3 Qg5 30. Qe3 Qg6 31. f3 Be6 32. Kh2 Qf6 33. Nd3 Bd5
34. Nf4 g5 35. Nxd5 cxd5 36. Qe8+ Kg7 1-0

[Event "3. Wittelsbacher Weihnachts-Schach-Open"]
[Site "Kelheim"]
[Date "2014.12.28"]
[Round "3.55"]
[White "Strasser, Josef"]
[Black "Burgard, Manfred"]
[Result "1-0"]
[WhiteElo "1874"]
[BlackElo "1355"]
[PlyCount "59"]
[EventDate "2014.??.??"]
[WhiteTeam "SU M?nchen"]
[BlackTeam "SF Roding"]

1. e4 c5 2. Nf3 d6 3. Bb5+ Bd7 4. Bxd7+ Nxd7 5. O-O Ngf6 6. Qe2 Qc7 7. c3 e5 8.
d4 cxd4 9. cxd4 Be7 10. Nc3 a6 11. Bg5 Rc8 12. Rac1 Qd8 13. Rfd1 h6 14. Bh4 O-O
15. dxe5 dxe5 16. Nxe5 Qe8 17. Nxd7 Nxd7 18. Bg3 Bf6 19. Nd5 Rxc1 20. Rxc1 Qe6
21. f3 Rd8 22. b3 Bd4+ 23. Bf2 Bxf2+ 24. Qxf2 Ne5 25. Qc2 Nc6 26. Rd1 Qe5 27.
Qc4 Na5 28. Qb4 Rxd5 29. exd5 Qe3+ 30. Kf1 1-0

[Event "3. Wittelsbacher Weihnachts-Schach-Open"]
[Site "Kelheim"]
[Date "2014.12.28"]
[Round "3.56"]
[White "Müller, Johannes"]
[Black "Guckes, Simon"]
[Result "1-0"]
[WhiteElo "1768"]
[BlackElo "1007"]
[PlyCount "87"]
[EventDate "2014.??.??"]
[WhiteTeam "SK Kelheim"]
[BlackTeam "SV Worms"]

1. d4 e6 2. c4 Nf6 3. Nc3 c5 4. d5 exd5 5. cxd5 d6 6. Nf3 Be7 7. h3 O-O 8. Bf4
Bf5 9. Nd2 a6 10. a4 Qc7 11. e3 Nbd7 12. Be2 Nb6 13. e4 Bg6 14. O-O Rfe8 15. f3
Nh5 16. Bh2 Bh4 17. f4 Ng3 18. Bxg3 Bxg3 19. f5 Bxf5 20. Rxf5 g6 21. Rf3 Bh4
22. Qf1 Re5 23. a5 Nc8 24. Nc4 Rg5 25. e5 dxe5 26. Ne4 Rf5 27. Rxf5 gxf5 28.
Qxf5 Qd8 29. d6 Kg7 30. g3 Bf6 31. Rf1 b5 32. axb6 Nxb6 33. Qxf6+ Qxf6 34. Rxf6
Nd5 35. Rf3 Kg6 36. Nxe5+ Kg7 37. Rxf7+ Kg8 38. Bc4 Rf8 39. Bxd5 Rxf7 40. d7
Kg7 41. Bxf7 h5 42. d8=Q a5 43. Qg8+ Kh6 44. Qg6# 1-0

[Event "3. Wittelsbacher Weihnachts-Schach-Open"]
[Site "Kelheim"]
[Date "2014.12.28"]
[Round "3.57"]
[White "Mosler, Ernst"]
[Black "Kreuzer, Helmut"]
[Result "0-1"]
[WhiteElo "1656"]
[BlackElo "2127"]
[PlyCount "76"]
[EventDate "2014.??.??"]
[WhiteTeam "SV Wettstetten"]
[BlackTeam "SK Kelheim"]

1. e4 c5 2. d4 cxd4 3. c3 d3 4. Bxd3 Nc6 5. Nf3 g6 6. Be3 d6 7. O-O Bg7 8. Nbd2
Nf6 9. Re1 Ng4 10. Nf1 Nxe3 11. Nxe3 O-O 12. Rc1 Be6 13. Bc4 Bd7 14. Be2 Qa5
15. Qd5 Qc7 16. Qd1 Rfc8 17. Bb5 a6 18. Bxc6 bxc6 19. Qd3 Rcb8 20. b3 a5 21.
Rb1 Bc8 22. Qd2 Bb7 23. Nf1 c5 24. Ng3 Bc6 25. h3 Rb6 26. Rb2 Qb7 27. Qc2 a4
28. Nd2 Rb8 29. b4 a3 30. Rbb1 cxb4 31. cxb4 Qa6 32. Qc4 Bb5 33. Qc1 Bd3 34.
Rb3 Bb2 35. Rxb2 axb2 36. Qxb2 Rxb4 37. Qa1 Rb2 38. Rd1 Rxd2 0-1

[Event "3. Wittelsbacher Weihnachts-Schach-Open"]
[Site "Kelheim"]
[Date "2014.12.28"]
[Round "3.58"]
[White "Seifert, Werner"]
[Black "Aigner, Georg"]
[Result "1-0"]
[WhiteElo "1997"]
[BlackElo "1845"]
[Annotator "Doe,John"]
[PlyCount "81"]
[EventDate "2014.??.??"]
[WhiteTeam "SV WB Allianz M?nchen"]
[BlackTeam "TSV Dietfurt/Altm."]

1. e4 {[%emt 0:00:00]} e5 2. Nf3 Nc6 3. d4 exd4 4. Nxd4 Qh4 5. Nc3 Bb4 6. Ndb5
Qxe4+ 7. Be2 Bxc3+ 8. bxc3 Kd8 9. O-O a6 10. Bf3 Qe5 11. Nd4 Nxd4 12. cxd4 Qf5
13. Rb1 Nf6 14. Be3 d5 15. c4 Re8 16. Qb3 c6 17. Qb6+ Ke7 18. Qc5+ Kd8 19. Qd6+
Qd7 20. Qg3 Qf5 21. Bf4 Re6 22. Bc7+ Ke8 23. Qxg7 Qg6 24. Qh8+ Qg8 25. Qxg8+
Nxg8 26. cxd5 Rg6 27. dxc6 bxc6 28. Rbc1 Bd7 29. d5 cxd5 30. Bxd5 Ra7 31. Bb8
Nf6 32. Bf3 Be6 33. Bxa7 Bxa2 34. Bc5 Nd7 35. Rfe1+ Be6 36. Bb4 Kd8 37. Bb7 Nb8
38. Bd6 Bd5 39. Bxd5 Rxd6 40. Bxf7 a5 41. Re8+ 1-0

[Event "3. Wittelsbacher Weihnachts-Schach-Open"]
[Site "Kelheim"]
[Date "2014.12.28"]
[Round "3.59"]
[White "Mack, Patrick"]
[Black "Brack, Johannes"]
[Result "0-1"]
[WhiteElo "1345"]
[BlackElo "1999"]
[Annotator "Doe,John"]
[PlyCount "46"]
[EventDate "2014.??.??"]
[WhiteTeam "SC Bechhofen"]
[BlackTeam "Regensb. Turnerschaft"]

1. d4 Nf6 2. Nf3 g6 3. e3 Bg7 4. b3 c5 5. Bb2 O-O 6. Nbd2 d5 7. c4 cxd4 8. exd4
Bg4 9. Be2 Nc6 10. O-O Rc8 11. Rc1 dxc4 12. Rxc4 Nd5 13. Ne5 Bxe2 14. Qxe2 Nf4
15. Qe1 Bxe5 16. dxe5 Nd3 17. Qb1 Nxb2 18. Qxb2 Qd3 19. Rc3 Qd5 20. Re3 Nd4 21.
Rc1 Rfd8 22. Rcc3 Rxc3 23. Qxc3 Qb5 (23... Nb5 24. Qb4 Qxd2 25. Qxb5 Qc1+ 26.
Qf1 Rd1) 0-1

[Event "3. Wittelsbacher Weihnachts-Schach-Open"]
[Site "Kelheim"]
[Date "2014.12.28"]
[Round "3.60"]
[White "Kukulina, Sonja"]
[Black "Strohmann, Marcel"]
[Result "0-1"]
[WhiteElo "1482"]
[BlackElo "1864"]
[PlyCount "102"]
[EventDate "2014.??.??"]
[WhiteTeam "SK M?nchen S?dost"]
[BlackTeam "SV Erkenschwick"]

1. e4 Nf6 2. Nc3 d5 3. f3 d4 4. Nce2 e5 5. Ng3 c5 6. Bb5+ Nbd7 7. d3 Qa5+ 8.
Bd2 Qxb5 9. a4 Qxb2 10. Rb1 Qa2 11. Ra1 Qe6 12. f4 exf4 13. Bxf4 Nd5 14. N1e2
Nxf4 15. Nxf4 Qb6 16. Nd5 Qa5+ 17. Kf2 Ne5 18. Nf5 Bxf5 19. exf5 O-O-O 20. Nf4
Bd6 21. Nd5 Rhe8 22. Re1 c4 23. Nf4 Nxd3+ 24. Nxd3 Qxf5+ 25. Kg1 cxd3 26. Rxe8
Rxe8 27. cxd3 Qf4 28. Qc2+ Kb8 29. g3 Qe3+ 30. Kf1 Qf3+ 31. Kg1 Re2 32. Qxe2
Qxe2 33. Rf1 Qxf1+ 34. Kxf1 Kc7 35. Ke2 Kb6 36. Kd2 Ka5 37. Kc2 Kxa4 38. Kb2 b5
39. Ka2 b4 40. h4 b3+ 41. Kb2 Bxg3 42. h5 h6 43. Kb1 Ka3 44. Ka1 b2+ 45. Kb1
Bh4 46. Kc2 Ka2 47. Kd2 b1=Q 48. Ke2 Qh1 49. Kd2 Qe1+ 50. Kc2 Qe2+ 51. Kc1 Bg5#
0-1

[Event "3. Wittelsbacher Weihnachts-Schach-Open"]
[Site "Kelheim"]
[Date "2014.12.28"]
[Round "3.61"]
[White "Malzer, Werner"]
[Black "Scholz, Gerhart"]
[Result "1-0"]
[WhiteElo "1906"]
[BlackElo "1549"]
[PlyCount "105"]
[EventDate "2014.??.??"]
[WhiteTeam "TSV Kirchenlaibach"]
[BlackTeam "SK Abensberg"]

1. e4 d5 2. exd5 Nf6 3. Nf3 Nxd5 4. d4 e6 5. Bd3 Be7 6. O-O O-O 7. Re1 Nd7 8.
a3 c5 9. c4 N5f6 10. Bg5 cxd4 11. Nxd4 Qc7 12. Qe2 Qb6 13. Nf3 a5 14. Nc3 Nc5
15. Bc2 Bd7 16. Ne5 Bc6 17. Nxc6 Qxc6 18. b4 axb4 19. axb4 Rxa1 20. Rxa1 Ncd7
21. c5 h6 22. Bh4 Rc8 23. Ba4 Qc7 24. Bg3 Qd8 25. Rd1 Bxc5 26. bxc5 Rxc5 27.
Ne4 Rd5 28. Nxf6+ Nxf6 29. Rxd5 exd5 30. h3 Ne4 31. Be5 Qb6 32. Bc2 Qb4 33.
Bxe4 dxe4 34. Qb2 Qe1+ 35. Kh2 f6 36. Bg3 b5 37. Qxb5 Kf7 38. Qh5+ Kg8 39. Qg6
Qe2 40. Bh4 Kh8 41. Qe8+ Kh7 42. Qe7 Kg6 43. Bg3 Qc2 44. Qe6 Qd3 45. Qd6 Qe2
46. Qf4 Kf7 47. Qe3 Qc2 48. Bd6 Ke6 49. Ba3 Kd5 50. Bf8 Qc7+ 51. Qg3 Qb6 52.
Bxg7 h5 53. Qf4 1-0

[Event "3. Wittelsbacher Weihnachts-Schach-Open"]
[Site "Kelheim"]
[Date "2014.12.28"]
[Round "3.62"]
[White "Schmid, Bernhard"]
[Black "Kornitzky, Tino"]
[Result "1-0"]
[WhiteElo "1797"]
[BlackElo "1627"]
[PlyCount "54"]
[EventDate "2014.??.??"]
[WhiteTeam "SC Sinzing"]
[BlackTeam "TSV Bindlach"]

1. d4 Nf6 2. c4 e6 3. Nc3 Bb4 4. Qc2 c5 5. dxc5 Bxc5 6. Nf3 d5 7. cxd5 exd5 8.
Bg5 Be6 9. e3 Nbd7 10. Bd3 Qb6 11. O-O O-O 12. Na4 Qa5 13. Bxf6 gxf6 14. Nxc5
Nxc5 15. Bxh7+ Kg7 16. a3 Nd7 17. b4 Qb6 18. Bd3 Rac8 19. Qb2 Qd6 20. Rac1 Rcd8
21. Qd4 Rh8 22. Qf4 Qxf4 23. exf4 Bg4 24. Nd4 Rh5 25. f3 Be6 26. f5 Rdh8 27.
fxe6 fxe6 1-0

[Event "3. Wittelsbacher Weihnachts-Schach-Open"]
[Site "Kelheim"]
[Date "2014.12.28"]
[Round "3.63"]
[White "Wltschek, Christian"]
[Black "Huchler Stefan"]
[Result "1-0"]
[WhiteElo "1951"]
[BlackElo "1488"]
[PlyCount "47"]
[EventDate "2014.??.??"]
[WhiteTeam "TSV Wacker Neutraubling"]
[BlackTeam "SK Hohenems"]

1. e4 c6 2. d4 d5 3. Nd2 dxe4 4. Nxe4 Bf5 5. Ng3 Bg6 6. N1e2 h6 7. Nf4 Bh7 8.
Bc4 Nf6 9. O-O e6 10. Re1 Be7 11. Bxe6 g5 12. Nfh5 fxe6 13. Ng7+ Kd7 14. Nxe6
Qa5 15. Re5 Qb6 16. Nc5+ Kd6 17. Re6+ Kc7 18. Rxe7+ Nbd7 19. Nh5 Kd8 20. Qe2
Nxc5 21. Nxf6 Ne4 22. Rxh7 Rxh7 23. Nxh7 Qxd4 24. Bxg5+ 1-0

[Event "3. Wittelsbacher Weihnachts-Schach-Open"]
[Site "Kelheim"]
[Date "2014.12.28"]
[Round "3.64"]
[White "Schwab, Leon"]
[Black "Hilburger, Johannes"]
[Result "0-1"]
[WhiteElo "1237"]
[BlackElo "1802"]
[PlyCount "29"]
[EventDate "2014.??.??"]
[WhiteTeam "SK Kelheim"]
[BlackTeam "TSV Oberviechtach"]

1. d4 Nf6 2. c4 g6 3. Nc3 Bg7 4. e4 d6 5. Nf3 O-O 6. Be2 Nbd7 7. O-O e5 8. d5
Nc5 9. b4 Ncxe4 10. Qc2 Nxc3 11. Qxc3 Bg4 12. Re1 Bxf3 13. Bxf3 e4 14. Bb2 exf3
15. gxf3 0-1